000 00286nam a2200109Ia 4500
008 190216s9999||||xx |||||||||||||| ||und||
100 _aKunhi Kuttan Thamburan
245 0 _aGadhyamanjary 2nd Part
260 _bCalicut University Publications
650 _aEssay Malayalam
942 _cBK
999 _c25418
_d25418